Loading...

Theekondu kalikkaruthu (m)

Bibliographic Details
Main Author: Uroob
Format: Printed Book
Published: Kottayam Sahithya Pravarthaka Co-operative Society Ltd. 1979
Subjects:
LEADER 00466nam a2200157 4500
082 |a 8M2 URO-T 
100 |a Uroob 
245 |a Theekondu kalikkaruthu (m) 
250
260 |a Kottayam  |b Sahithya Pravarthaka Co-operative Society Ltd.  |c 1979 
300
490
650 |a Malayalam drama-- Malayalam literature 
942 |c BK 
999 |c 223860  |d 223860 
952 |0 0  |1 0  |4 0  |6 8M2_UROT  |7 0  |9 237992  |a SDE  |b SDE  |d 2019-12-12  |l 0  |o 8M2 URO-T  |p SDE3154  |r 2019-12-12  |w 2019-12-12  |y BK